000 00684nam a2200241Ia 4500
003 OSt
005 20220918182213.0
006 a|||||r|||| 00| 0
007 ta
008 220917b |||||||| |||| 00| 0 eng d
024 _a31,229
037 _cTextual
040 _aARTS
_cARTS
_beng
041 _2eng
_aeng
082 _aO111,6K72x, C6 (EO)
100 _aAddison Joseph
_959864
245 0 _aCoverlay papers from the spectator ed by K Dighton
260 _aLondon
_bMacmillan
_c1968
490 _aMacmillan english classics
650 _aENGLISH LITERATURE
942 _hO111,6K72x, C6 (EO)
_cTEXL
_2CC
999 _c168175
_d168175